Nimeä käypä alkuaine - Statistics

Yleistilastot
  • Tätä visaa on pelattu 767 kertaa
  • Keskiarvotulos 11 / 18
Vastaustilastot
Nimeä alkuaine... Alkuaineet % Oikein
jonka nimessä on tasan neljä kirjainta Vety | Neon | Tina | Jodi
98%
joka on jaksollisen järjestelmän ensimmäisellä rivillä Helium | Vety
93%
jonka nimi alkaa F-kirjaimella Fluori | Frankium | Fermium | Fosfori | Flerovium
91%
joka on magneettinen Rauta | Koboltti | Nikkeli
86%
joka on jalokaasu Helium | Neon | Argon | Krypton | Ksenon | Radon
85%
joka on ruokasuolan osa Natrium | Kloori
81%
jonka kemiallisessa merkissä ei ole sen nimessä olevia kirjaimia Vety | Hiili | Typpi | Happi | Fosfori | Rikki | Rauta | Antimoni | Volframi | Elohopea | Lyijy
79%
joka on nestemäinen huoneenlämpötilassa Bromi | Elohopea
77%
joka on keltainen Rikki | Kloori | Kulta
77%
jonka kemiallinen merkki koostuu yhdestä vokaalista Happi | Yttrium | Jodi | Uraani
74%
joka on glukoosin osa Vety | Hiili | Happi
62%
joka on nimetty planeetan mukaan Telluuri | Uraani | Neptunium
56%
joka on nimetty Yhdysvaltain osavaltion mukaan Kalifornium | Tennessiini
33%
jonka atomiluku on välillä 20-25 Kalsium | Skandium | Titaani | Vanadiini | Kromi | Mangaani
31%
joka on nimetty naisen mukaan Curium | Meitnerium
28%
joka on yksi neljästä viimeisimmästä jaksolliseen järjestelmään lisätyistä alkuaineista Nihonium | Moskovium | Tennessiini | Oganesson
19%
joka on nimetty Ruotsin kaupungin mukaan Yttrium | Terbium | Holmium | Erbium | Ytterbium
19%
joka on nimetty jonkin muun alkuaineen mukaan Elohopea | Radon | Molybdeeni | Platina | Protaktinium
17%
Ehtoja vastaavia visoja ei löytynyt
Tulosjakauma
Jokaisen tuloksen saaneiden osuus
Persentiili vastausten määrän mukaan
Tuloshistoriasi
Et ole pelannut tätä visaa